CONSTRUCTION PROJECT MANAGEMENT / (Record no. 589240)
[ view plain ]
| 000 -LEADER | |
|---|---|
| fixed length control field | 00380nam a22001457a 4500 |
| 020 ## - INTERNATIONAL STANDARD BOOK NUMBER | |
| Qualifying information | HB. |
| 040 ## - CATALOGING SOURCE | |
| Transcribing agency | FIZZA ISHAQ |
| 082 ## - DEWEY DECIMAL CLASSIFICATION NUMBER | |
| Classification number | 690 |
| Author Mark | FRE |
| 100 ## - MAIN ENTRY--PERSONAL NAME | |
| Personal name | JOYCE,NANCY GOULD FREDERICK. |
| 9 (RLIN) | 91054 |
| 245 ## - TITLE STATEMENT | |
| Title | CONSTRUCTION PROJECT MANAGEMENT / |
| Statement of responsibility, etc. | FREDERICK GOULD NANCY JOYCE. |
| 250 ## - EDITION STATEMENT | |
| Edition statement | 4th ED. |
| 260 ## - PUBLICATION, DISTRIBUTION, ETC. | |
| Place of publication, distribution, etc. | NEW YORK ; |
| Name of publisher, distributor, etc. | PEARSON, |
| Date of publication, distribution, etc. | 2014. |
| 300 ## - PHYSICAL DESCRIPTION | |
| Extent | 361 P. ; |
| 942 ## - ADDED ENTRY ELEMENTS (KOHA) | |
| Source of classification or shelving scheme | |
| Koha item type | Book |
| Withdrawn status | Lost status | Source of classification or shelving scheme | Damaged status | Not for loan | Permanent Location | Current Location | Date acquired | Total Checkouts | Full call number | Barcode | Date last seen | Price effective from | Koha item type |
|---|---|---|---|---|---|---|---|---|---|---|---|---|---|
| NUST Baluchistan Campus (NBC) | NUST Baluchistan Campus (NBC) | 04/20/2022 | 690 FRE | Q-3001 | 04/20/2022 | 04/20/2022 | Book |
